L'assommoir (La taberna) / (Record no. 168174)

MARC details
000 -LEADER
campo de control de longitud fija 00757nam a22002175i 4500
001 - NÚMERO DE CONTROL
campo de control 168174
003 - IDENTIFICADOR DE NÚMERO DE CONTROL
campo de control ES-MaACL
005 - FECHA Y HORA DE LA ÚLTIMA TRANSACCIÓN
campo de control 20250717013103.0
008 - DATOS DE LONGITUD FIJA--INFORMACIÓN GENERAL
campo de control de longitud fija 051006q19001910sp | |||||||| ||spa d
040 ## - FUENTE DE CATALOGACIÓN
Centro catalogador/agencia de origen CAM
Lengua de catalogación spa
Centro/agencia transcriptor CAM
100 1# - ENTRADA PRINCIPAL--NOMBRE DE PERSONA
Nombre de persona Zola, Émile,
Fechas asociadas al nombre 1840-1902
9 (RLIN) 118331
245 12 - MENCIÓN DEL TÍTULO
Título L'assommoir (La taberna) /
Mención de responsabilidad, etc. por Emilio Zola; traducción de Amancio Peratoner.
250 ## - MENCION DE EDICION
Mención de edición 3ª ed.
260 ## - PUBLICACIÓN, DISTRIBUCIÓN, ETC.
Lugar de publicación, distribución, etc. Barcelona :
Nombre del editor, distribuidor, etc. Casa Editorial Maucci ;
Lugar de publicación, distribución, etc. Buenos Aires :
Nombre del editor, distribuidor, etc. Maucci Hermanos,
Fecha de publicación, distribución, etc. [s.a.]
300 ## - DESCRIPCIÓN FÍSICA
Extensión 2 v. (272; 232 p.) ;
Dimensiones 19 cm.
596 ## - NOTA AL PIE DE IMPRENTA
NOTA AL PIE DE IMPRENTA La primera ed. impresa en 1900.
700 1# - ENTRADA AGREGADA--NOMBRE PERSONAL
Nombre de persona Peratoner, Amancio,
Término indicativo de función/relación
9 (RLIN) 90399
752 ## - ENTRADA AGREGADA--NOMBRE JERÁRQUICO DEL LUGAR
País o entidad superior España -
Ciudad Barcelona
852 ## - LOCALIZACIÓN
Ubicación ES-MaACL
Número de control de estantería F-10039-10040
Nota libre -- Enc. hol.
Holdings
Estatus retirado Estado de pérdida Estado de daño No para préstamo Biblioteca de origen Biblioteca actual Ubicación en estantería Fecha de adquisición Fuente de adquisición Total de préstamos Signatura topográfica completa Código de barras Visto por última vez Precio de reemplazo Tipo de ítem Koha
        Biblioteca del Ateneo de Madrid Biblioteca del Ateneo de Madrid Sala Pecera Planta 2 17/01/2008     F-10039-10040 1176459 23/02/2023 23/02/2023 Libro impreso